| 000 | 00429nam a2200157 i 4500 | ||
|---|---|---|---|
| 001 | 114860 | ||
| 003 | ES-MaACL | ||
| 005 | 20230906190252.0 | ||
| 007 | t| | ||
| 008 | 070411s1920 it ||||1| ita d | ||
| 100 | 1 |
_aDe Rossi, Giulio. _943075 |
|
| 245 | 1 | 3 |
_aIl primo anno di vita del Partito Popolare Italiano / _cG. De Rossi. |
| 260 |
_aRoma : _bManuzio, _c1920. |
||
| 300 |
_a411 p. ; _c19 cm. |
||
| 852 |
_aES-MaACL _jF-7203 |
||
| 999 |
_c114860 _d114860 |
||